Distribution par images - La Soupe aux choux - Statistiques

Statistiques générales
  • Ce quiz a été pris 59 fois
  • Le résultat moyen est 4 sur 9
Statistiques - réponses
Par images Hint Réponse % Correct
Claude Ratinier Louis de Funès
100%
La Denrée Jacques Villeret
88%
Francis Chérasse Jean Carmet
65%
Amélie Poulangeard Claude Gensac
57%
Francine Ratinier Christine Dejoux
24%
Maréchal des logis Henri Génès
22%
Maire Marco Perrin
22%
Catherine Lamouette Gaëlle Legrand
18%
Robert Philippe Ruggieri
14%
Aucun quiz correspondant
Distribution des résultats
% des personnes avec chaque résultat
Percentile par nombre de réponses
Votre historique - résultats
Vous n’avez pas pris ce quiz